Návrh racionalizácie procesov výrobnej logistiky v spoločnosti VEĽKOPEK a. s. Piešťany

Na minha lista:
Detalhes bibliográficos
Autor principal: Halčišáková, Marcela, 1978- (Author)
Outros Autores: Cibulka, Viliam, 1948- (Thesis advisor)
Formato: Manuscrito Livro
Idioma:eslovaco
Publicado em: STU v Bratislave MTF UPMK, 2010
Assuntos:
Acesso em linha:VAIS
Tags: Adicionar Tag
Sem tags, seja o primeiro a adicionar uma tag!

MARC

LEADER 00000ntm a22000003a 4500
001 stu206518
005 20160719160240.2
008 100707s2010------------------------slo-d
040 |a STU  |b slo 
041 0 |a slo 
100 1 |a Halčišáková, Marcela,  |d 1978-  |4 aut  |X 31643  |7 A000031643 
242 0 0 |a Proposal to rationalize production logistics processes in the company of VEĽKOPEK a. s. Piešťany.  |y eng 
245 1 |a Návrh racionalizácie procesov výrobnej logistiky v spoločnosti VEĽKOPEK a. s. Piešťany 
260 |b STU v Bratislave MTF UPMK,  |c 2010 
650 7 |a plánovanie  |2 stusub 
650 7 |a výrobná logistika  |2 stusub 
650 7 |a výrobný proces  |2 stusub 
650 7 |a logistics  |2 estusub 
650 7 |a scheduling  |2 stusub 
700 1 |a Cibulka, Viliam,  |d 1948-  |4 ths  |u M190  |U MTF Materiálovotechnologická fakulta  |T MTF Katedra priemyselného inžinierstva a manažmentu  |X 37983  |U M190  |Y 167  |7 A000037983 
856 4 |a info a plný text  |u http://is.stuba.sk/zp/portal_zp.pl?podrobnosti=58137  |3 VAIS 
996 |c M*DP-9378  |l MMSKP  |s P  |a 0  |w stu206518_0001